000 00328 a2200109 4500
001 ART_17083
005 20260410161719.0
008 260409a
245 1 0 _aLa responsabilidad del Estado en emergencia
100 1 _aToricelli, Maximiliano
773 0 _tDerecho administrativo
_g- NÂș 85 (feb. 2013)
_wREV1721
999 _c16761
_d16761